<?xml version="1.0" encoding="UTF-8"?>
<record
    xmlns:xsi="http://www.w3.org/2001/XMLSchema-instance"
    xsi:schemaLocation="http://www.loc.gov/MARC21/slim http://www.loc.gov/standards/marcxml/schema/MARC21slim.xsd"
    xmlns="http://www.loc.gov/MARC21/slim">

  <leader>00614nam a22001217a 4500</leader>
  <datafield tag="040" ind1=" " ind2=" ">
    <subfield code="c">RUA</subfield>
  </datafield>
  <datafield tag="100" ind1=" " ind2=" ">
    <subfield code="a">HENG SAVORN,&#x17A0;&#x17C1;&#x1784;&#x200B; &#x179F;&#x17B6;&#x179C;&#x17C9;&#x1793;</subfield>
  </datafield>
  <datafield tag="245" ind1=" " ind2=" ">
    <subfield code="a">STUDY ON LAND LOTS MARKET IN SANGKAT KAMBOUL, KHAN KAMBOUL, PHNOM PENH,&#x179F;&#x17B7;&#x1780;&#x17D2;&#x179F;&#x17B6;&#x1791;&#x17C5;&#x179B;&#x17BE;&#x1791;&#x17B8;&#x1795;&#x17D2;&#x179F;&#x17B6;&#x179A;&#x178A;&#x17B8;&#x1796;&#x17BB;&#x17C7;&#x17A1;&#x17BC;&#x178F;&#x17B7;&#x17CD; &#x1793;&#x17C5;&#x179F;&#x1784;&#x17D2;&#x1780;&#x17B6;&#x178F;&#x17CB;&#x1780;&#x17C6;&#x1794;&#x17BC;&#x179B; &#x1781;&#x178E;&#x17D2;&#x178C;&#x1780;&#x17C6;&#x1794;&#x17BC;&#x179B; &#x179A;&#x17B6;&#x1787;&#x1792;&#x17B6;&#x1793;&#x17B8;&#x1797;&#x17D2;&#x1793;&#x17C6;&#x1796;&#x17C1;&#x1789;</subfield>
  </datafield>
  <datafield tag="260" ind1=" " ind2=" ">
    <subfield code="a">phnom penh</subfield>
    <subfield code="b">rua</subfield>
    <subfield code="c">2019</subfield>
  </datafield>
  <datafield tag="300" ind1=" " ind2=" ">
    <subfield code="a">viii.30p.</subfield>
    <subfield code="b">ill.</subfield>
    <subfield code="c">29cm.</subfield>
  </datafield>
  <datafield tag="856" ind1=" " ind2=" ">
    <subfield code="u">https://drive.google.com/file/d/16pbWzJfpA0sg9tOfxChy7CtDhUWQ-Ata/view?usp=share_link</subfield>
  </datafield>
  <datafield tag="942" ind1=" " ind2=" ">
    <subfield code="c">LMA</subfield>
  </datafield>
  <datafield tag="999" ind1=" " ind2=" ">
    <subfield code="c">20497</subfield>
    <subfield code="d">20497</subfield>
  </datafield>
  <datafield tag="952" ind1=" " ind2=" ">
    <subfield code="0">0</subfield>
    <subfield code="1">0</subfield>
    <subfield code="2">ddc</subfield>
    <subfield code="4">0</subfield>
    <subfield code="6">LMA_HEN_2019_000000000000000_B467_OR</subfield>
    <subfield code="7">0</subfield>
    <subfield code="9">91341</subfield>
    <subfield code="a">LBB</subfield>
    <subfield code="b">LBB</subfield>
    <subfield code="c">B467</subfield>
    <subfield code="d">2022-09-14</subfield>
    <subfield code="l">1</subfield>
    <subfield code="o">LMA HEN 2019 B467 Or.</subfield>
    <subfield code="p">A068922</subfield>
    <subfield code="r">2025-02-10</subfield>
    <subfield code="s">2025-01-15</subfield>
    <subfield code="w">2022-09-14</subfield>
    <subfield code="y">LMA</subfield>
  </datafield>
  <datafield tag="952" ind1=" " ind2=" ">
    <subfield code="0">0</subfield>
    <subfield code="1">0</subfield>
    <subfield code="2">ddc</subfield>
    <subfield code="4">0</subfield>
    <subfield code="6">LMA_HEN_2019_000000000000000_B467_OR</subfield>
    <subfield code="7">0</subfield>
    <subfield code="9">91342</subfield>
    <subfield code="a">LBB</subfield>
    <subfield code="b">LBB</subfield>
    <subfield code="c">B467</subfield>
    <subfield code="d">2022-09-14</subfield>
    <subfield code="o">LMA HEN 2019 B467 Or.</subfield>
    <subfield code="p">A068791</subfield>
    <subfield code="r">2022-09-14</subfield>
    <subfield code="w">2022-09-14</subfield>
    <subfield code="y">LMA</subfield>
  </datafield>
  <datafield tag="952" ind1=" " ind2=" ">
    <subfield code="0">0</subfield>
    <subfield code="1">0</subfield>
    <subfield code="2">ddc</subfield>
    <subfield code="4">0</subfield>
    <subfield code="6">LMA_HEN_2019_000000000000000_B467_OR</subfield>
    <subfield code="7">0</subfield>
    <subfield code="9">91343</subfield>
    <subfield code="a">LBB</subfield>
    <subfield code="b">LBB</subfield>
    <subfield code="c">B467</subfield>
    <subfield code="d">2022-09-14</subfield>
    <subfield code="o">LMA HEN 2019 B467 Or.</subfield>
    <subfield code="p">A068859</subfield>
    <subfield code="r">2022-09-14</subfield>
    <subfield code="w">2022-09-14</subfield>
    <subfield code="y">LMA</subfield>
  </datafield>
  <datafield tag="952" ind1=" " ind2=" ">
    <subfield code="0">0</subfield>
    <subfield code="1">0</subfield>
    <subfield code="2">ddc</subfield>
    <subfield code="4">0</subfield>
    <subfield code="6">LMA_HEN_2019_000000000000000_B467_OR</subfield>
    <subfield code="7">0</subfield>
    <subfield code="9">91344</subfield>
    <subfield code="a">LBB</subfield>
    <subfield code="b">LBB</subfield>
    <subfield code="c">B467</subfield>
    <subfield code="d">2022-09-14</subfield>
    <subfield code="o">LMA HEN 2019 B467 Or.</subfield>
    <subfield code="p">A068799</subfield>
    <subfield code="r">2022-09-14</subfield>
    <subfield code="w">2022-09-14</subfield>
    <subfield code="y">LMA</subfield>
  </datafield>
  <datafield tag="952" ind1=" " ind2=" ">
    <subfield code="0">0</subfield>
    <subfield code="1">0</subfield>
    <subfield code="2">ddc</subfield>
    <subfield code="4">0</subfield>
    <subfield code="6">LMA_HEN_2019_000000000000000_B467_OR</subfield>
    <subfield code="7">0</subfield>
    <subfield code="9">91345</subfield>
    <subfield code="a">LBB</subfield>
    <subfield code="b">LBB</subfield>
    <subfield code="c">B467</subfield>
    <subfield code="d">2022-09-14</subfield>
    <subfield code="l">1</subfield>
    <subfield code="o">LMA HEN 2019 B467 Or.</subfield>
    <subfield code="p">A068919</subfield>
    <subfield code="r">2023-04-21</subfield>
    <subfield code="s">2023-03-31</subfield>
    <subfield code="w">2022-09-14</subfield>
    <subfield code="y">LMA</subfield>
  </datafield>
</record>
